00347nam a2200145Ia 4500008004100000020002500041041001200066082001100078100001700089245003300106250000800139260002500147300000800172650002100180221030s9999 xx 000 0 und d a8176563080: 817656 aEnglish a105.23 aIvan Bayross 0aSQL, PL/SQLcby Ivan Bayross a2nd bBPB PubaIndiac2003 a438 aCSE Departmental